[Event "Barcelona Primavera La Lira op 7th"]
[Site "Barcelona"]
[Date "2014.06.19"]
[Round "9"]
[White "Romero Funieles, Rafael de Jesus"]
[Black "Gines Rodriguez, Oscar"]
[Result "0-1"]
[WhiteElo "1747"]
[BlackElo "1831"]
[PlyCount "62"]
[EventDate "2014.04.03"]
[EventType "swiss"]
[EventRounds "9"]
[EventCountry "ESP"]
[SourceTitle "EXT 2015"]
[Source "ChessBase"]
[SourceDate "2014.11.20"]
[SourceVersion "1"]
[SourceVersionDate "2014.11.20"]
[SourceQuality "1"]

1. c4 Nf6 2. Nc3 g6 3. e3 Bg7 4. h3 d5 5. Nf3 0-0 6. d4 c5 7. dxc5 Qa5 8. Nd4 Qxc5 9. cxd5 Nxd5 10. Nxd5 Qxd5 11. Qb3 Qxb3 12. Nxb3 Be6 13. Nc5 Bd5 14. e4 Bc6 15. Bd3 Rd8 16. Bc2 b6 17. Nb3 Bb5 18. a4 Bc4 19. a5 Nc6 20. f3 Nb4 21. Bb1 Bxb3 22. 0-0 Nc2 23. Bxc2 Bxc2 24. axb6 Bd4+ 25. Kh1 Bxb6 26. Bg5 f6 27. Bf4 e5 28. Bg3 Rd2 29. Be1 Rd1 30. Rxd1 Bxd1 31. f4 Be2 0-1

[Event "Barcelona Primavera La Lira op 7th"]
[Site "Barcelona"]
[Date "2014.06.12"]
[Round "8"]
[White "Gines Rodriguez, Oscar"]
[Black "Parayre Soguero, Jordi"]
[Result "0-1"]
[WhiteElo "1831"]
[BlackElo "1908"]
[PlyCount "128"]
[EventDate "2014.04.03"]
[EventType "swiss"]
[EventRounds "9"]
[EventCountry "ESP"]
[SourceTitle "EXT 2015"]
[Source "ChessBase"]
[SourceDate "2014.11.20"]
[SourceVersion "1"]
[SourceVersionDate "2014.11.20"]
[SourceQuality "1"]

1. Nf3 d5 2. g3 Nf6 3. Bg2 Bg4 4. 0-0 e6 5. d3 Bd6 6. h3 Bxf3 7. exf3 0-0 8. f4 c6 9. Nd2 Nbd7 10. Nf3 Qc7 11. c4 Rfe8 12. b3 Rad8 13. Bb2 e5 14. fxe5 Nxe5 15. Nxe5 Bxe5 16. d4 Bd6 17. c5 Bf8 18. Bc1 Ne4 19. Qd3 Qd7 20. a4 Qf5 21. a5 a6 22. Ra2 Nd6 23. Qxf5 Nxf5 24. Ra4 g6 25. Bf3 Bg7 26. Bb2 h5 27. Rd1 Re7 28. Kf1 Rde8 29. Rb4 Bh6 30. Bc1 Kg7 31. Bxh6+ Kxh6 32. h4 f6 33. Kg2 Ng7 34. Rb6 Ne6 35. Kf1 Nd8 36. Rb4 f5 37. Ra4 Ne6 38. Ra2 Nf8 39. Re2 Nd7 40. Rxe7 Rxe7 41. Re1 Rxe1+ 42. Kxe1 Nf6 43. Kd2 g5 44. hxg5+ Kxg5 45. Ke3 Ng4+ 46. Ke2 f4 47. b4 Nf6 48. Bg2 fxg3 49. fxg3 Kg4 50. Kf2 Ne8 51. Bf3+ Kg5 52. Ke3 Ng7 53. Bd1 Nf5+ 54. Kd3 Nxg3 55. Ba4 Nf5 56. Bd1 h4 57. Bf3 Kf4 58. Bxd5 cxd5 59. b5 h3 60. c6 bxc6 61. bxa6 h2 62. a7 h1Q 63. a8Q Qd1+ 64. Kc3 Qxd4+ 0-1

[Event "Barcelona Barri Gotic op 1st"]
[Site "Barcelona"]
[Date "2012.04.23"]
[Round "1.3"]
[White "Gines Rodriguez, Oscar"]
[Black "Barbero Sendic, Alejandro"]
[Result "0-1"]
[WhiteElo "1864"]
[BlackElo "2343"]
[PlyCount "56"]
[EventDate "2012.04.23"]
[EventType "swiss"]
[EventRounds "8"]
[EventCountry "ESP"]
[SourceTitle "EXT 2024"]
[Source "ChessBase"]
[SourceDate "2023.10.10"]
[SourceVersion "1"]
[SourceVersionDate "2023.10.10"]
[SourceQuality "1"]

1. e4 c5 2. Nf3 Nc6 3. d3 g6 4. g3 Bg7 5. Bg2 d6 6. 0-0 e6 7. Re1 Nge7 8. c3 0-0 9. Nbd2 b5 10. Nf1 Rb8 11. h4 b4 12. Bd2 Ba6 13. Qc2 bxc3 14. Bxc3 Nb4 15. Bxb4 Rxb4 16. Rab1 Qa5 17. a3 Rb6 18. Ne3 Rfb8 19. Nd1 Nc6 20. Re2 Rb3 21. Rd2 Nd4 22. Nxd4 Bxd4 23. Kh2 Rxa3 24. Ne3 Rab3 25. Nd1 R8b4 26. Bf1 Qb6 27. g4 Be5+ 28. Kh3 Rxe4 0-1